Communes de France en "Saint-" ou "Sainte-" de A à Z - Statistiques

Statistiques générales
  • Ce quiz a été pris 54 fois
  • Le résultat moyen est 14 sur 25
Réponses sur la Carte
Les réponses sont colorées sur une échelle allant du rouge au vert en fonction du pourcentage des utilisateurs qui les ont devinées à leur premier essai. Vous pouvez retrouver ces pourcentages ci-dessous.
 
Statistiques - réponses
Réponse % Correct
Saint-Brieuc
98%
Saint-Étienne
94%
Saint-Tropez
91%
Saint-Jean-de-Luz
89%
Saint-Nazaire
83%
Saint-Quentin
77%
Saint-Omer
70%
Saint-Avold
62%
Saint-Herblain
57%
Saint-Yrieix-la-Perche
57%
Saint-Pierre-des-Corps
55%
Sainte-Menehould
51%
Saint-Renan
49%
Saint-Vaast-la-Hougue
49%
Saint-Zacharie
49%
Saint-Cyprien
43%
Sainte-Luce
40%
Saint-Xandre
38%
Sainte-Suzanne
36%
Saint-Doulchard
34%
Saint-Urcize
34%
Saint-Gilles
32%
Saint-Witz
30%
Saint-François
28%
Saint-Ismier
17%
Aucun quiz correspondant
Distribution des résultats
% des personnes avec chaque résultat
Percentile par nombre de réponses
Votre historique - résultats
Vous n’avez pas pris ce quiz